Statistics for Capital Cities With 7 Letters

Click here to take the quiz!

General Stats

  • This quiz has been taken 64 times
  • The average score is 17 of 24

Answer Stats

Answer% Correct
Beijing
89%
Algiers
86%
Baghdad
86%
Jakarta
86%
Bangkok
83%
Caracas
83%
Kampala
83%
Yerevan
75%
Bishkek
72%
Tallinn
69%
Nairobi
67%
Tbilisi
67%
Tripoli
67%
Honiara
64%
Managua
64%
San Jose
64%
Thimphu
64%
Vilnius
64%
Yaounde
64%
Conakry
58%
Palikir
56%
Sao Tome
56%
Nicosia
53%
Mbabane
44%

Score Distribution

Percentile by Number Answered

Percent of People with Each Score

Your Score History

You have not taken this quiz